IFRS essentials

Sparad:
Bibliografiska uppgifter
Huvudupphovsman:  Christian, Dieter
Materialtyp: Sách
Språk:Undetermined
Publicerad:  Wiley  2013
Ämnen:
Taggar: Lägg till en tagg
Inga taggar, Lägg till första taggen!
Thư viện lưu trữ: Trung tâm Thư viện - Trường Đại học Công nghiệp TP. Hồ Chí Minh
LEADER 00523nam a2200157Ia 4500
001 UIH_07217
008 231011s9999 xx 000 0 und d
082 |a  657.30218 
100 |a  Christian, Dieter 
245 0 |a  IFRS essentials 
245 0 |c  Christian, Dieter 
260 |b  Wiley 
260 |c  2013 
650 |a  Financial statements; International business enterprises; Báo cáo tài chính;  
927 |a Sách 
980 |a Trung tâm Thư viện - Trường Đại học Công nghiệp TP. Hồ Chí Minh